| 000 | 00402nam a2200133Ia 4500 | ||
|---|---|---|---|
| 008 | 231129s2005||||xx |||||||||||||| ||spa|| | ||
| 020 | _a968-16-7490-1 | ||
| 040 | _bspa | ||
| 082 | _a372.21 i19 | ||
| 245 | 0 | _aLas identidades en la educación temprana: diversidad y posibilidades | |
| 260 | _c2005 | ||
| 264 | _aFondo de Cultura Económica-FCE | ||
| 942 |
_2ddc _cBKS |
||
| 999 |
_c18782 _d18782 |
||